000 00963nam a2200241 u 4500
001 000774521
003 AM-YeHGA
005 20250617143925.0
008 101129s1966 |||| |||||||||| | rus c
040 _aAM-YeHGA
041 1 _arus
_hfre
100 1 _aСартр, Жан Поль
_d1905-1980
245 1 0 _aСлова :
_b[Повесть] /
_cЖан-Поль Сартр; Пер. с франц. Л. Зониной, Ю. Яхниной; Предисл. М. Бажана; Ред. Е. Бабун.
260 _aМосква :
_bПрогресс,
_c1966.
300 _a176 с. ;
_c20 см.
534 _pОригинал
_tLes mots /
_aJean-Paul Sartre
_cParis, 1964
650 1 4 _aՖրանսիական գրականություն
_xПовесть
700 1 _aЗонина, Л.
_eпер.
_4trl
700 1 _aЯхнина, Ю.
_eпер.
_4trl
700 1 _aБажан, Микола
_eпредисл.
_4aui
700 1 _aБабун, Е.
_eред.
_cedt
090 _c285576
999 _c283914
_d283914